El exilio y su impacto en la reformulación de perspectivas identitarias, políticas e institucionales = Exile and its impact on shifting perspectives on politics, institutions and collective identities /

El exilio es un mecanismo institucionalizado de exclusión política que ha sido ampliamente usado en toda Iberoamérica. Este trabajo intenta analizar su impacto en la reformulación de perspectivas políticas e institucionales. Es en el extranjero que ciudadanos desplazados de su territorio nacional ha...

תיאור מלא

שמור ב:
מידע ביבליוגרפי
מחבר ראשי: Roniger, Luis
פורמט: Texto
נושאים:
תגים: הוספת תג
אין תגיות, היה/י הראשונ/ה לתייג את הרשומה!

MARC

LEADER 00000 a a2200000 04500
001 41173
003
040
100 |a Roniger, Luis  
245 |a El exilio y su impacto en la reformulación de perspectivas identitarias, políticas e institucionales =   |b Exile and its impact on shifting perspectives on politics, institutions and collective identities /  |c Luis Roniger  
500 |a ronigerl@wfu.edu  
520 |a El exilio es un mecanismo institucionalizado de exclusión política que ha sido ampliamente usado en toda Iberoamérica. Este trabajo intenta analizar su impacto en la reformulación de perspectivas políticas e institucionales. Es en el extranjero que ciudadanos desplazados de su territorio nacional han redefinido compromisos políticos y han reformulado visiones que han impactado los países de origen. El trabajo elabora esa dinámica del exilio en base a casos históricos y recientes de exiliados políticos, destacando sus aportes a la reformulación del horizonte colectivo de las sociedades latinoamericanas.  
590 |a SJB/NOVIEMBRE2012  
650 |a ASILO  
650 |a EXILIO  
650 |a IDENTIDAD SOCIAL  
650 |a DESARROLLO POLITICO  
650 |a ASPECTOS PSICOLOGICOS  
650 |a DOCTRINAS POLITICAS  
650 |a AMERICA LATINA  
773 |g número125 (2009), páginas 83-101  
999 |c 19659  |d 19659 
773 0 |0 18728  |9 3020  |a Universidad de Costa Rica  |d San José, Costa Rica Editorial UCR 1956-  |o 12366  |t Revista de Ciencias Sociales/  |x 04825276